Dwa Największe Miasta w Każdym Państwie Europy - Statystyki

Ogólne statystyki
  • Ten quiz został rozwiązany 90 razy
  • Średni wynik to 56 z 83
Odpowiedzi na mapie
Odpowiedzi zakodowano w zielono-czerwonej skali na mapie do tego quizu, zgodnie z poniższymi procentami.
 
Statystyki odpowiedzi
Państwo Miasto Populacja % Poprawnych
Portugalia Lizbona 550k
94%
Rosja Moskwa 13 mln
94%
Norwegia Oslo 720k
94%
Francja Paryż 2,1 mln
94%
Niemcy Berlin 3,6 mln
93%
Wielka Brytania Londyn 8,7 mln
93%
Włochy Rzym 2,7 mln
93%
Polska Warszawa 1,8 mln
93%
Niderlandy Amsterdam 1,1 mln
92%
Irlandia Dublin 1,2 mln
92%
Rosja Petersburg 5,6 mln
92%
Portugalia Porto 230k
92%
Szwecja Sztokholm 1 mln
92%
Belgia Bruksela 1,2 mln
90%
Finlandia Helsinki 640k
90%
Ukraina Kijów 2,95 mln
90%
Dania Kopenhaga 300k
90%
Polska Kraków 800k
90%
Włochy Mediolan 1,3 mln
90%
Grecja Ateny 3,1 mln
89%
Hiszpania Barcelona 1,7 mln
89%
Hiszpania Madryt 3,4 mln
89%
Francja Marsylia 870k
89%
Łotwa Ryga 590k
89%
Niemcy Hamburg 1,8 mln
88%
Białoruś Mińsk 2 mln
88%
Czechy Praga 1,4 mln
88%
Litwa Wilno 590k
88%
Islandia Reykjavik 240k
86%
Estonia Tallinn 450k
86%
Austria Wiedeń 2 mln
86%
Słowacja Bratysława 480k
85%
Czechy Brno 400k
85%
Węgry Budapeszt 1,7 mln
85%
Bułgaria Sofia 1,2 mln
85%
Albania Tirana 390k
85%
Rumunia Bukareszt 1,7 mln
83%
Chorwacja Zagrzeb 660k
83%
Serbia Belgrad 1,2 mln
82%
Mołdawia Kiszyniów 560k
82%
Macedonia Północna Skopje 420k
81%
Bośnia I Hercegowina Sarajewo 350k
79%
Litwa Kowno 300k
78%
Słowenia Lublana 290k
78%
Niderlandy Rotterdam 850k
78%
Wielka Brytania Birmingham 1,1 mln
76%
Luksemburg Luksemburg 130k
76%
Grecja Saloniki 800k
76%
Czarnogóra Podgorica 170k
75%
Kosowo Prisztina 140k
74%
Szwajcaria Zurych 430k
72%
Belgia Antwerpia 1,2 mln
71%
Szwecja Goteborg 600k
71%
Ukraina Charków 1,4 mln
69%
Szwajcaria Genewa 200k
68%
Chorwacja Split 150k
68%
Słowacja Koszyce 225k
67%
Andora Andorra la vella 24k
64%
Norwegia Bergen 300k
64%
Austria Graz 300k
58%
Serbia Nowy Sad 260k
50%
Irlandia Cork 220k
44%
Białoruś Homel 500k
44%
Mołdawia Tyraspol 130k
44%
Rumunia Kluż-Napoka 280k
40%
Słowenia Maribor 100k
39%
Węgry Debreczyn 200k
36%
Bułgaria Płowdiw 330k
36%
Bośnia i Hercegowina Banja Luka 135k
33%
Dania Aarhus 1,4 mln
32%
Łotwa Dyneburg 80k
32%
Estonia Tartu 95k
31%
Monako Monte Carlo 17k
28%
Finlandia Espoo 320k
26%
Islandia Keflavik i Njarðvík 21k
25%
Albania Durres 100k
24%
Kosowo Prizren 75k
15%
San Marino Serravalle 11k
15%
Macedonia Północna Kumanowo 75k
13%
Luksemburg Esch-Sur-Alzette 40k
11%
Czarnogóra Niksic 55k
11%
Liechtenstein Schaan 6k
11%
Malta Zatoka Świętego Pawła 40k
7%
Nie znaleziono quizów pasujących do podanych kryteriów
Rozkład punktacji
Procent ludzi z każdym wynikiem
Percentyl według liczby udzielonych odpowiedzi
Twoja historia wyników
Nie rozwiązałeś tego quizu